Historical Excursion Into Health and Senior Education
Charakteristické vlastnosti zdravotníckeho, vzdelávacieho a andragogického prístupu v jednotlivých historických etapách vo vývoji vzdelávania seniorov. Zameranie sa na osobitosti vysokoškolského vzdelávania, kompetencie pedagógov - špecializované, andragogicko-geragogické a osobné s ohľadom na etick...
Gespeichert in:
| 1. Verfasser: | |
|---|---|
| Format: | Buchkapitel |
| Sprache: | Englisch |
| Schlagworte: | |
| Tags: |
Keine Tags, Fügen Sie das erste Tag hinzu!
|
MARC
| LEADER | 00000nla a2200000 4500 | ||
|---|---|---|---|
| 001 | 0246786 | ||
| 005 | 20240417075142.7 | ||
| 041 | 0 | |a eng | |
| 044 | |a CZ | ||
| 245 | 1 | 0 | |a Historical Excursion Into Health and Senior Education |c Drahomíra Gracová |
| 520 | |a Charakteristické vlastnosti zdravotníckeho, vzdelávacieho a andragogického prístupu v jednotlivých historických etapách vo vývoji vzdelávania seniorov. Zameranie sa na osobitosti vysokoškolského vzdelávania, kompetencie pedagógov - špecializované, andragogicko-geragogické a osobné s ohľadom na etické prístupy k cieľovej skupine. | ||
| 610 | 2 | 0 | |a seniori |
| 610 | 2 | 0 | |a zdravie |
| 610 | 2 | 0 | |a vzdelávanie |
| 610 | 2 | 0 | |a vývoj |
| 610 | 2 | 0 | |a história |
| 610 | 2 | 0 | |a andragogika |
| 100 | 1 | |a Gracová, Drahomíra | |